[Svetozár Hurban Vajanský na návšteve v Mníchove]

Zobrazenie: Svetozár Hurban Vajanský (zľava) na návšteve u českého maliara Jaroslava Vĕšína v Mníchove v Nemecku (po prepustení z väzenia v Segedíne), 6.3.1894.

Bibliographic Details
Other Authors: Vyvozil (fotograf) (Photographer)
Format: Photo
Language:Slovak
PhysicalDescription:1 fotografia čb 14 x 9 cm
Published: [S.l. s.n.] 1894
Subjects:

MARC

LEADER 00000nkmaa2200000 a 4500
001 vtls011557372
003 SK-MaSNL
005 20260331210551.0
007 kh bo
008 230802e1894 gw | |||0 k|slo
035 |a urn:nbn:sk:snk-km00cpx4 
035 |a urn:nbn:sk:snk-km3lr8h 
035 |a F3EA7949-4FDC-4A4A-9020-E785E364FAD8 
040 |a SNKLA  |b slo  |c SNKLA  |e AACR2 
041 0 |a slo 
044 |a gw  |c DE 
100 1 |a Vyvozil  |c (fotograf)  |4 pht  |9 297033 
245 1 0 |a [Svetozár Hurban Vajanský na návšteve v Mníchove]  |h grafika 
260 |a [S.l.  |b s.n.]  |c 1894 
300 |a 1 fotografia  |b čb  |c 14 x 9 cm 
520 2 |a Zobrazenie: Svetozár Hurban Vajanský (zľava) na návšteve u českého maliara Jaroslava Vĕšína v Mníchove v Nemecku (po prepustení z väzenia v Segedíne), 6.3.1894. 
600 1 7 |a Vajanský, Svetozár Hurban,  |d 1847-1916  |2 SNKMA  |9 110614 
600 1 7 |a Věšín, Jaroslav,  |d 1859-1915  |2 SNKLA  |9 342100 
651 7 |a Mníchov (Nemecko)  |2 SNKPH  |9 24849 
655 7 |a fotografie  |2 SNKPH  |9 70713 
852 7 |a Slovenská národná knižnica  |b Literárny archív 
958 |a ZO 
958 |a BLA 
999 |c 587378  |d 589308 
952 |a SNKLA  |b SNKLA  |c SNKLA_DEP  |y NEVYP  |7 0  |p 17A1008398  |o snkK 23/6  |i snkLA 287/2012  |0 0  |1 0  |4 0  |d 2016-06-03  |f 1  |l 0  |r 2026-02-23 15:13:38  |w 2026-02-23